The new compact topical Bible : (Record no. 49824)
[ view plain ]
| 000 -LEADER | |
|---|---|
| fixed length control field | 00843cam a2200265 4500 |
| 001 - CONTROL NUMBER | |
| control field | 771827 |
| 005 - DATE AND TIME OF LATEST TRANSACTION | |
| control field | 20210618110006.0 |
| 008 - FIXED-LENGTH DATA ELEMENTS--GENERAL INFORMATION | |
| fixed length control field | 730130s1972 miu di 000 0 eng |
| 010 ## - LIBRARY OF CONGRESS CONTROL NUMBER | |
| LC control number | 72083885 |
| 040 ## - CATALOGING SOURCE | |
| Original cataloging agency | DLC |
| Transcribing agency | DLC |
| Modifying agency | DLC |
| 245 14 - TITLE STATEMENT | |
| Title | The new compact topical Bible : |
| Remainder of title | an exhaustive reference tool / |
| Statement of responsibility, etc | Compiled by Gary Wharton. |
| 260 ## - PUBLICATION, DISTRIBUTION, ETC. (IMPRINT) | |
| Place of publication, distribution, etc | Grand Rapids, Mich., |
| Name of publisher, distributor, etc | Zondervan Pub. House |
| Date of publication, distribution, etc | [1972] |
| 300 ## - PHYSICAL DESCRIPTION | |
| Extent | 536 p. |
| Dimensions | 19 cm. |
| 336 ## - CONTENT TYPE | |
| Content Type Term | text |
| 337 ## - MEDIA TYPE | |
| Media Type Term | unmediated |
| 338 ## - CARRIER TYPE | |
| Carrier Type Term | volume |
| 350 ## - PRICE (NR) (BK AM CF MU VM SE) [OBSOLETE] | |
| Price | $4.95 |
| 490 0# - SERIES STATEMENT | |
| Series statement | The Bible handbook series |
| 500 ## - GENERAL NOTE | |
| General note | "A compact edition of The Zondervan topical Bible ... edited by Edward Viening." |
| 630 00 - SUBJECT ADDED ENTRY--UNIFORM TITLE | |
| Uniform title | Bible |
| General subdivision | Indexes. |
| 630 00 - SUBJECT ADDED ENTRY--UNIFORM TITLE | |
| Uniform title | Bible |
| General subdivision | Dictionaries. |
| 700 1# - ADDED ENTRY--PERSONAL NAME | |
| Personal name | Wharton, Gary C., |
| Dates associated with a name | 1940- |
| 906 ## - LOCAL DATA ELEMENT F, LDF (RLIN) | |
| a | 7 |
| b | cbc |
| c | orignew |
| d | 2 |
| e | opcn |
| f | 19 |
| g | y-gencatlg |
| 942 ## - ADDED ENTRY ELEMENTS (KOHA) | |
| Source of classification or shelving scheme | Library of Congress Classification |
| Item type | Books |
| Withdrawn status | Lost status | Source of classification or shelving scheme | Damaged status | Not for loan | Home library | Current library | Shelving location | Date acquired | Source of acquisition | Inventory number | Total Checkouts | Full call number | Barcode | Date last seen | Price effective from | Koha item type |
|---|---|---|---|---|---|---|---|---|---|---|---|---|---|---|---|---|
| Library of Congress Classification | BSOP Library | BSOP Library | Reference | 06/18/2021 | Donation by Drs. George and Anne Harper | 46454 | BS432 B47 1972 | 00057483 | 06/18/2021 | 06/18/2021 | Books |
